UD Almería Squad 2014-2015 - Statistics

General Stats
  • This quiz has been taken 13 times
  • The average score is 11 of 27
Answer Stats
# Position Nation Player % Correct
6 DF Argentina Mauro dos Santos
100%
10 FW Israel Tomer Hemed
86%
5 DF Spain Ángel Trujillo
71%
31 MF Nigeria Ramon Azeez
71%
25 GK Spain Rubén Martínez
71%
9 FW Congo Thievy Bifouma
71%
23 MF Spain Fernando Soriano
57%
- Coach Spain Francisco Rodríguez
57%
19 FW Burkina Faso Jonathan Zongo
57%
1 GK Spain Julián Cuesta
57%
7 MF Spain Verza
57%
- Coach Spain Juan Ignacio Martínez
43%
15 MF Spain Miguel Ángel Corona
43%
11 FW Spain Quique González
43%
16 DF Argentina Sebastián Dubarbier
43%
8 FW Brazil Wellington Silva
43%
24 MF Spain Javier Espinosa
29%
2 DF Brazil Míchel Macedo
29%
- Coach Spain Sergi Barjuan
29%
3 DF Spain Fran Vélez
14%
21 DF Spain Mané
14%
22 MF Ghana Thomas Partey
14%
4 DF Spain Ximo Navarro
14%
17 MF Spain Edgar Méndez
0%
14 DF Spain José Manuel Casado
0%
- Coach Spain Miguel Rivera
0%
18 FW Thailand Teerasil Dangda
0%
No matching quizzes found
Score Distribution
Percent of People with Each Score
Percentile by Number Answered
Your Score History
You have not taken this quiz